Tahāfut al-tahāfut (Record no. 47519)

MARC details
000 -LEADER
fixed length control field 00754cam a22002411 4500
001 - CONTROL NUMBER
control field ne 64002712
003 - CONTROL NUMBER IDENTIFIER
control field DLC
005 - DATE AND TIME OF LATEST TRANSACTION
control field 20260227111806.0
008 - FIXED-LENGTH DATA ELEMENTS--GENERAL INFORMATION
fixed length control field 821201m19641965ua 000 0 ara
010 ## - LIBRARY OF CONGRESS CONTROL NUMBER
LC control number ne 64002712
025 ## - OVERSEAS ACQUISITION NUMBER
Overseas acquisition number PL480:UAR-4661
035 ## - SYSTEM CONTROL NUMBER
System control number (OCoLC)9007240
040 ## - CATALOGING SOURCE
Original cataloging agency DLC
Transcribing agency TU
Modifying agency TU
-- DLC
042 ## - AUTHENTICATION CODE
Authentication code premarc
050 00 - LIBRARY OF CONGRESS CALL NUMBER
Classification number B753.G33
Item number T532
100 0# - MAIN ENTRY--PERSONAL NAME
Personal name Averroës,
Dates associated with a name 1126-1198.
245 10 - TITLE STATEMENT
Title Tahāfut al-tahāfut
Statement of responsibility, etc. Lil-Qāḍī Abī al-Walīd Muḥammad ibn Rushd Taḥqīq Sulayman Dunyā.
250 ## - EDITION STATEMENT
Edition statement al-Tabʻah al-ʼūlā
260 ## - PUBLICATION, DISTRIBUTION, ETC.
Place of publication, distribution, etc. [al-Qāhirah]
Name of publisher, distributor, etc. Dār al-Maʻārif,
Date of publication, distribution, etc. 1964-65.
300 ## - PHYSICAL DESCRIPTION
Extent 2 v. (1072p.)
Dimensions 24 cm.
490 0# - SERIES STATEMENT
Series statement Dhakhāʼir al-ʻArab, 37
600 00 - SUBJECT ADDED ENTRY--PERSONAL NAME
Personal name Ghazzālī,
Dates associated with a name 1058-1111.
Title of a work Tahāfut al-falāsifah.

No items available.

Powered by Koha